000 00485nmm a2200157Ia 4500
008 251105s9999||||xx |||||||||||||||||und||
020 _a9788469379486
041 _aspa
100 _aSemir, Vladimir de
245 0 _aLa ética, esencia de la comunicación científica y médica
264 _a[Madrid, España] :
_bFundació Víctor Grífols i Lucas,
_c2010
300 _a53 páginas
650 _aMedicine
856 _uhttps://public.digitaliapublishing.com/a/24295
942 _cCF
999 _c84711
_d84711